[Event "MEX-ch op 52nd "]
[Site "Mexico City"]
[Date "2006.04.15"]
[Round "7"]
[White "Castillo Castelan, Miguel Angel"]
[Black "Arreguin Hernandez, Alan Guillermo"]
[Result "0-1"]
[WhiteElo "2026"]
[BlackElo "2253"]
[PlyCount "56"]
[EventDate "2006.04.11"]
[EventType "swiss"]
[EventRounds "9"]
[EventCountry "MEX"]
[SourceTitle "EXT 2007"]
[Source "ChessBase"]
[SourceDate "2006.11.23"]
[SourceVersion "1"]
[SourceVersionDate "2006.11.23"]
[SourceQuality "1"]

1. d4 d5 2. Nf3 Nf6 3. c4 e6 4. Nc3 Nbd7 5. e3 c6 6. Bd3 Bd6 7. 0-0 0-0 8. Qc2 Re8 9. e4 dxe4 10. Nxe4 Nxe4 11. Bxe4 Nf8 12. Bg5 Be7 13. Be3 Qc7 14. Rfd1 b6 15. Rac1 Bb7 16. Qe2 c5 17. Bxb7 Qxb7 18. dxc5 bxc5 19. Ne5 Red8 20. Qh5 Ng6 21. Nd3 Rac8 22. b3 Qe4 23. Nxc5 Rxd1+ 24. Rxd1 Rxc5 25. Bxc5 Nh4 26. Kf1 g6 27. f3 Qc2 28. Qe5 Qxg2+ 0-1

[Event "MEX-ch"]
[Site "Mexico City"]
[Date "2002.??.??"]
[Round "1"]
[White "Castillo Castelan, Miguel Angel"]
[Black "Estrada Nieto, Julian"]
[Result "0-1"]
[WhiteElo "2146"]
[BlackElo "2373"]
[PlyCount "41"]
[EventDate "2002.??.??"]
[EventType "swiss"]
[EventRounds "9"]
[EventCountry "MEX"]
[SourceTitle "EXT 2003"]
[Source "ChessBase"]
[SourceDate "2002.11.25"]
[SourceVersion "1"]
[SourceVersionDate "2002.11.25"]
[SourceQuality "1"]

1. d4 d5 2. c4 dxc4 3. e3 Nf6 4. Bxc4 e6 5. Nf3 c5 6. 0-0 a6 7. Bb3 cxd4 8. exd4 Nc6 9. Re1 Be7 10. Bg5 0-0 11. Nc3 Na5 12. Bc2 b5 13. Ne4 Bb7 14. Nxf6+ Bxf6 15. Bxf6 Qxf6 16. Ne5 Rfd8 17. Qd3 g6 18. Qc3 Rac8 19. Qd3 Nc6 20. Nxc6 Rxc6 21. Qe3 0-1

[Event "Fide Mercenarios 55th"]
[Site "Mexico City"]
[Date "2001.??.??"]
[Round "?"]
[White "Villanueva Garciacano, Manuel"]
[Black "Castillo Castelan, Miguel Angel"]
[Result "0-1"]
[WhiteElo "2070"]
[BlackElo "2090"]
[PlyCount "70"]
[EventDate "2001.??.??"]
[EventType "swiss"]
[EventRounds "5"]
[EventCountry "MEX"]
[SourceTitle "EXT 2003"]
[Source "ChessBase"]
[SourceDate "2002.11.25"]
[SourceVersion "1"]
[SourceVersionDate "2002.11.25"]
[SourceQuality "1"]

1. e4 e6 2. Nf3 Nc6 3. d3 d5 4. Nbd2 b6 5. g3 Bb7 6. Bg2 Nf6 7. 0-0 Be7 8. Re1 0-0 9. e5 Nd7 10. Qe2 a5 11. c3 Ba6 12. Nf1 Nc5 13. Rd1 h5 14. h4 g6 15. Bh6 Re8 16. Qd2 Nxd3 17. b3 Ncxe5 18. Nxe5 Nxe5 19. Qd4 Bf6 20. Qf4 Ng4 21. Bg5 Bxg5 22. hxg5 Qd6 23. Qd2 Rad8 24. Nh2 Nxh2 25. Kxh2 h4 26. Rh1 Kg7 27. Qd4+ e5 28. Qg4 hxg3+ 29. Qxg3 Rh8+ 30. Kg1 Rxh1+ 31. Bxh1 e4 32. Qe3 Rh8 33. f4 exf3 34. Qd4+ Kg8 35. Re1 Qh2# 0-1

[Event "Fide Mercenarios 41st"]
[Site "Mexico City"]
[Date "1999.03.27"]
[Round "8"]
[White "Dounce, Carlos"]
[Black "Castillo Castelan, Miguel Angel"]
[Result "0-1"]
[WhiteElo "2045"]
[BlackElo "2099"]
[PlyCount "134"]
[EventDate "1999.02.13"]
[EventType "tourn"]
[EventRounds "13"]
[EventCountry "MEX"]
[SourceTitle "EXT 2002"]
[Source "ChessBase"]
[SourceDate "2001.11.25"]
[SourceVersion "1"]
[SourceVersionDate "2001.11.25"]
[SourceQuality "1"]

1. c4 Nf6 2. Nc3 c5 3. Nf3 Nc6 4. d4 cxd4 5. Nxd4 g6 6. e4 Bg7 7. Be3 0-0 8. f3 a6 9. Be2 e5 10. Nb3 d6 11. 0-0 Be6 12. Qd2 Qc7 13. Nd5 Bxd5 14. cxd5 Ne7 15. Rac1 Qd7 16. Qa5 Rfc8 17. Nd2 b5 18. a4 bxa4 19. Nc4 Rab8 20. Rc2 Ne8 21. Rfc1 Qb5 22. Qd2 Qb4 23. Qxb4 Rxb4 24. Nb6 Rb8 25. Nc8 Nxc8 26. Rxc8 Rxb2 27. Bxa6 f5 28. Ba7 Rxc8 29. Rxc8 a3 30. Rc1 a2 31. Bd3 Bh6 32. Ra1 fxe4 33. fxe4 Nc7 34. Bf2 Nb5 35. Be1 Be3+ 36. Kf1 Nd4 37. Bc4 Rb1 38. Rxa2 Rc1 39. Bd3 Rd1 40. Be2 Rc1 41. Bd3 h5 42. Rb2 Rd1 43. Be2 Ra1 44. Bd3 Ra3 45. Bb1 Bf4 46. Bb4 Ra6 47. h3 h4 48. Bd2 g5 49. Bc3 Bc1 50. Rb8+ Kf7 51. Bxd4 exd4 52. Ke2 Ra3 53. Rb4 Be3 54. Rb7+ Kf6 55. Rd7 Bf4 56. Bd3 Ra2+ 57. Kf3 Rd2 58. Bc4 Bg3 59. Ra7 Rf2+ 60. Kg4 Rxg2 61. Ra2 Rg1 62. Kf3 Rc1 63. Bd3 Bf4 64. Ra4 Re1 65. Be2 Ke5 66. Ra8 d3 67. Re8+ Kd4 0-1

[Event "Fide Mercenarios-B"]
[Site "Mexico City"]
[Date "1999.??.??"]
[Round "2"]
[White "Castillo Castelan, Miguel Angel"]
[Black "Marquet, Guillermo"]
[Result "1/2-1/2"]
[WhiteElo "2099"]
[BlackElo "2265"]
[PlyCount "22"]
[EventDate "1999.??.??"]
[EventType "tourn"]
[EventRounds "11"]
[EventCountry "MEX"]
[SourceTitle "EXT 2001"]
[Source "ChessBase"]
[SourceDate "2000.11.22"]
[SourceVersion "1"]
[SourceVersionDate "2000.11.22"]
[SourceQuality "1"]

1. e4 e6 2. d4 d5 3. Nd2 Nf6 4. e5 Nfd7 5. c3 c5 6. Ngf3 Nc6 7. Be2 cxd4 8. cxd4 Qb6 9. Nb3 Bb4+ 10. Bd2 Bxd2+ 11. Qxd2 Qb4 1/2-1/2

[Event "Fide Mercenarios-B"]
[Site "Mexico City"]
[Date "1999.??.??"]
[Round "6"]
[White "Coronel Barron, Omar Fausto"]
[Black "Castillo Castelan, Miguel Angel"]
[Result "1-0"]
[WhiteElo "2060"]
[BlackElo "2099"]
[PlyCount "75"]
[EventDate "1999.??.??"]
[EventType "tourn"]
[EventRounds "11"]
[EventCountry "MEX"]
[SourceTitle "EXT 2001"]
[Source "ChessBase"]
[SourceDate "2000.11.22"]
[SourceVersion "1"]
[SourceVersionDate "2000.11.22"]
[SourceQuality "1"]

1. d4 Nf6 2. Nf3 g6 3. Nc3 d5 4. Bf4 a6 5. Qd2 Nc6 6. 0-0-0 Bf5 7. Ne5 Bg7 8. g3 Nh5 9. Bh6 Bxh6 10. Qxh6 Nf6 11. g4 Be6 12. Nxc6 bxc6 13. Na4 Qd6 14. h4 Qb4 15. b3 Rb8 16. Nc5 Qa3+ 17. Kb1 Nd7 18. Nxe6 fxe6 19. e4 Nb6 20. Qc1 Qa5 21. Qd2 Qa3 22. Qc1 Qxc1+ 23. Kxc1 Kd7 24. a4 a5 25. Kd2 Nc8 26. e5 c5 27. dxc5 Kc6 28. g5 Kxc5 29. Bh3 Rb6 30. Bg4 Rf8 31. h5 Kd4 32. Rde1 Na7 33. hxg6 hxg6 34. Rh7 Rc6 35. Rxe7 Rh8 36. Re2 Rc3 37. Rxe6 Nc6 38. Rf6 1-0

[Event "Fide Mercenarios-B"]
[Site "Mexico City"]
[Date "1999.??.??"]
[Round "4"]
[White "Ramirez y Meza, Benito"]
[Black "Castillo Castelan, Miguel Angel"]
[Result "0-1"]
[WhiteElo "2205"]
[BlackElo "2099"]
[PlyCount "72"]
[EventDate "1999.??.??"]
[EventType "tourn"]
[EventRounds "11"]
[EventCountry "MEX"]
[SourceTitle "EXT 2001"]
[Source "ChessBase"]
[SourceDate "2000.11.22"]
[SourceVersion "1"]
[SourceVersionDate "2000.11.22"]
[SourceQuality "1"]

1. e4 g6 2. d4 Bg7 3. c4 c5 4. dxc5 Qa5+ 5. Bd2 Qxc5 6. Bc3 Nf6 7. b4 Qb6 8. c5 Qe6 9. f3 0-0 10. Qb3 d5 11. cxd6 exd6 12. Bc4 Qe7 13. Ne2 Nc6 14. 0-0 Ne5 15. Bxe5 dxe5 16. Nbc3 a5 17. a3 a4 18. Qa2 h5 19. Rad1 h4 20. Qd2 h3 21. Qd6 Qxd6 22. Rxd6 hxg2 23. Kxg2 Nh5 24. Rxg6 Kh7 25. Rb6 Bh6 26. Kf2 Bh3 27. Rg1 Rac8 28. Bb5 Nf4 29. Nxf4 exf4 30. Nd5 Rc2+ 31. Be2 Be6 32. Rxb7 Bg7 33. Rd1 Be5 34. b5 Rg8 35. Nb4 Rb2 36. Nc6 Bf6 0-1

[Event "Guines Vazquez Memorial"]
[Site "Guines"]
[Date "1998.10.15"]
[Round "3"]
[White "Elissalt Cardenas, Hector"]
[Black "Castillo Castelan, Miguel Angel"]
[Result "1-0"]
[WhiteElo "2310"]
[BlackElo "2110"]
[PlyCount "121"]
[EventDate "1998.10.13"]
[EventType "tourn"]
[EventRounds "13"]
[EventCountry "CUB"]
[EventCategory "2"]
[SourceTitle "CBM 067 Extra"]
[Source "ChessBase"]
[SourceDate "1999.01.01"]
[SourceVersion "1"]
[SourceVersionDate "1999.01.01"]
[SourceQuality "1"]

1. d4 Nf6 2. g3 g6 3. Bg2 Bg7 4. e4 d6 5. Ne2 0-0 6. 0-0 c5 7. d5 e6 8. dxe6 Bxe6 9. Nbc3 Nc6 10. h3 Qd7 11. Nf4 Bc4 12. Re1 Nd4 13. Rb1 Rfe8 14. b3 Ba6 15. Ncd5 Rad8 16. Nxf6+ Bxf6 17. Nd5 Bg7 18. Bg5 Rc8 19. Nf6+ Bxf6 20. Bxf6 Qe6 21. Bg5 b5 22. c3 Nc6 23. Qd2 f6 24. e5 Qf5 25. Bd5+ Kf8 26. exf6 Re5 27. Bh6+ Ke8 28. f7+ Kd7 29. Bxc6+ Kxc6 30. Rxe5 dxe5 31. Rd1 Qxf7 32. Qd6+ Kb7 33. Qxe5 Ka8 34. Qd5+ Qxd5 35. Rxd5 Bb7 36. Rd7 Re8 37. Be3 h5 38. Kh2 Bf3 39. g4 hxg4 40. Kg3 Be2 41. Rd2 Bf1 42. hxg4 c4 43. Rd7 Be2 44. Rxa7+ Kb8 45. Ra6 cxb3 46. axb3 Rg8 47. Rd6 Kc7 48. Rd2 Bf1 49. f3 Ra8 50. Bf4+ Kb7 51. Rd7+ Kc8 52. Rd1 Be2 53. Rd2 Bf1 54. Kf2 Ra1 55. Rd6 Rb1 56. Rxg6 Bd3 57. Rd6 Bc2 58. b4 Bb3 59. g5 Bc4 60. g6 Rf1+ 61. Kg2 1-0

[Event "Guines Vazquez Memorial"]
[Site "Guines"]
[Date "1998.10.13"]
[Round "1"]
[White "Gomez Fontal, Felix Manuel"]
[Black "Castillo Castelan, Miguel Angel"]
[Result "1-0"]
[WhiteElo "2455"]
[BlackElo "2110"]
[PlyCount "77"]
[EventDate "1998.10.13"]
[EventType "tourn"]
[EventRounds "13"]
[EventCountry "CUB"]
[EventCategory "2"]
[SourceTitle "CBM 067 Extra"]
[Source "ChessBase"]
[SourceDate "1999.01.01"]
[SourceVersion "1"]
[SourceVersionDate "1999.01.01"]
[SourceQuality "1"]

1. d4 Nf6 2. Nf3 g6 3. Bg5 Bg7 4. Nbd2 d5 5. e3 0-0 6. c4 c6 7. Bd3 Be6 8. 0-0 Na6 9. Rc1 Qa5 10. a3 Rac8 11. Qb3 c5 12. Qxb7 Rb8 13. Qxa7 Ra8 14. Qxe7 Rfe8 15. Qd6 Rad8 16. Nb3 Qa4 17. Nxc5 Nxc5 18. Qxc5 Qb3 19. cxd5 Rxd5 20. Qc2 Qb6 21. e4 Ra5 22. d5 Bg4 23. Be3 Qb8 24. Nd4 Ra8 25. Nc6 Qd6 26. f3 Bd7 27. Qc5 Qxc5 28. Bxc5 Nh5 29. Rf2 Nf4 30. Bc4 Bh6 31. Re1 Ra4 32. Bb5 Raa8 33. Rd1 Bg5 34. a4 h5 35. b4 h4 36. a5 h3 37. g3 Ng2 38. f4 Bh6 39. e5 1-0

[Event "Fide Mercenarios 6th"]
[Site "Mexico City"]
[Date "1995.??.??"]
[Round "5"]
[White "Araiza Nieto, Edgar"]
[Black "Castillo Castelan, Miguel Angel"]
[Result "0-1"]
[WhiteElo "2075"]
[BlackElo "2170"]
[PlyCount "50"]
[EventDate "1995.??.??"]
[EventType "tourn"]
[EventRounds "11"]
[EventCountry "MEX"]
[SourceTitle "EXT 2000"]
[Source "ChessBase"]
[SourceDate "1999.11.16"]
[SourceVersion "1"]
[SourceVersionDate "1999.11.16"]
[SourceQuality "1"]

1. e4 c5 2. Nf3 Nc6 3. Bb5 g6 4. 0-0 Bg7 5. Re1 Qb6 6. Nc3 Bxc3 7. Bxc6 Bg7 8. Bd5 e6 9. Bb3 Qc6 10. d4 c4 11. d5 Qa6 12. Be3 b5 13. a4 cxb3 14. axb5 Qxb5 15. Nd4 Qb7 16. c4 a6 17. Ra3 Nf6 18. Rxb3 Qc7 19. e5 Ne4 20. d6 Qxc4 21. f3 Bxe5 22. fxe4 0-0 23. Qf3 Bxd4 24. Rc3 Qb4 25. Rb3 Qa4 0-1

[Event "Fide Mercenarios 9th"]
[Site "Mexico City"]
[Date "1995.??.??"]
[Round "5"]
[White "Castillo Castelan, Miguel Angel"]
[Black "Araiza Nieto, Edgar"]
[Result "0-1"]
[WhiteElo "2170"]
[BlackElo "2075"]
[PlyCount "95"]
[EventDate "1995.??.??"]
[EventType "tourn"]
[EventRounds "11"]
[EventCountry "MEX"]
[SourceTitle "EXT 2000"]
[Source "ChessBase"]
[SourceDate "1999.11.16"]
[SourceVersion "1"]
[SourceVersionDate "1999.11.16"]
[SourceQuality "1"]

1. d4 Nf6 2. c4 g6 3. Nc3 Bg7 4. e4 d6 5. f3 0-0 6. Be3 e5 7. Nge2 c6 8. Qd2 Nbd7 9. Rd1 a6 10. Ng3 b5 11. Be2 Bb7 12. 0-0 bxc4 13. Bxc4 d5 14. exd5 Nxd5 15. dxe5 Nxe5 16. Bxd5 cxd5 17. b3 Qh4 18. Nxd5 h6 19. Ne4 Rfd8 20. Bf2 Qh3 21. Ndf6+ Bxf6 22. Nxf6+ Kg7 23. Qf4 Nxf3+ 24. gxf3 Rxd1 25. Rxd1 Bxf3 26. Nh5+ Kg8 27. Nf6+ Kh8 28. Qg3 Qxg3+ 29. Bxg3 Bxd1 30. Be5 g5 31. Kf2 Rc8 32. Nd5+ Kh7 33. Nc7 f6 34. Bd6 Bh5 35. a4 a5 36. Ke3 Bd1 37. b4 axb4 38. Nd5 Bxa4 39. Bxb4 Re8+ 40. Kd4 Kg6 41. Ne7+ Kf7 42. Nf5 Rd8+ 43. Ke3 Rb8 44. Bc3 Bd7 45. Nd6+ Kg6 46. Ne4 Rb1 47. h4 gxh4 48. Kf3 0-1

[Event "Fide Mercenarios 9th"]
[Site "Mexico City"]
[Date "1995.??.??"]
[Round "6"]
[White "Ferriz Carrasquedo, Alfonso"]
[Black "Castillo Castelan, Miguel Angel"]
[Result "0-1"]
[WhiteElo "2165"]
[BlackElo "2170"]
[PlyCount "156"]
[EventDate "1995.??.??"]
[EventType "tourn"]
[EventRounds "11"]
[EventCountry "MEX"]
[SourceTitle "EXT 2000"]
[Source "ChessBase"]
[SourceDate "1999.11.16"]
[SourceVersion "1"]
[SourceVersionDate "1999.11.16"]
[SourceQuality "1"]

1. e4 c5 2. d4 cxd4 3. c3 g6 4. Qxd4 Nf6 5. e5 Nc6 6. Qf4 Nd5 7. Qe4 e6 8. f4 Bg7 9. Nf3 d6 10. Bb5 0-0 11. Bxc6 bxc6 12. 0-0 Qb6+ 13. Kh1 dxe5 14. fxe5 Ba6 15. Re1 Qf2 16. Na3 Bf1 17. Nh4 f5 18. exf6 Bxf6 19. Qxe6+ Kg7 20. Bh6+ Kxh6 21. Rxf1 Qxh4 22. g3 Qa4 23. Rae1 Rae8 24. Qh3+ Kg7 25. Qd7+ Re7 26. Qd6 Be5 27. Qc5 Rxf1+ 28. Rxf1 Qe4+ 29. Kg1 Bc7 30. Nc4 Bb6 31. Nxb6 axb6 32. Qxc6 Qe3+ 33. Kh1 Qe2 34. Kg1 Qe3+ 35. Kh1 Qe5 36. Qc8 Nf6 37. Kg1 h5 38. Qd8 Qc5+ 39. Rf2 Re1+ 40. Kg2 Qc6+ 41. Kh3 Qe6+ 42. Kg2 Qe4+ 43. Kh3 Qg4+ 44. Kg2 Nd7 45. Rd2 Re2+ 46. Rxe2 Qxe2+ 47. Kg1 Qe3+ 48. Kg2 Qe6 49. Qc7 Kh6 50. a4 Ne5 51. Qd8 Ng4 52. Qh8+ Kg5 53. Qd8+ Kf5 54. Qf8+ Nf6 55. Kf3 Qc6+ 56. Ke3 Qxa4 57. Kd3 Qe4+ 58. Kd2 Qg2+ 59. Kd3 Qxh2 60. Qc8+ Kg5 61. Qb8 Qf2 62. Kc4 Qc5+ 63. Kd3 Qf5+ 64. Kc4 Qe4+ 65. Kb5 Qd5+ 66. Ka6 Qc4+ 67. Ka7 Qa4+ 68. Kb7 Qe4+ 69. Ka7 Kg4 70. Qxb6 Nd7 71. Qd6 Ne5 72. b4 Qe3+ 73. Ka6 Qxc3 74. b5 Qc8+ 75. Ka7 Qd7+ 76. Qxd7+ Nxd7 77. Kb7 Kf5 78. Kc6 Ne5+ 0-1

[Event "Fide Mercenarios 6th"]
[Site "Mexico City"]
[Date "1995.??.??"]
[Round "7"]
[White "Soto Franco, Carlos"]
[Black "Castillo Castelan, Miguel Angel"]
[Result "0-1"]
[WhiteElo "2000"]
[BlackElo "2170"]
[PlyCount "54"]
[EventDate "1995.??.??"]
[EventType "tourn"]
[EventRounds "11"]
[EventCountry "MEX"]
[SourceTitle "EXT 2000"]
[Source "ChessBase"]
[SourceDate "1999.11.16"]
[SourceVersion "1"]
[SourceVersionDate "1999.11.16"]
[SourceQuality "1"]

1. d4 Nf6 2. Nf3 g6 3. g3 Bg7 4. Bg2 0-0 5. 0-0 d5 6. Nbd2 Bg4 7. Ne5 Bf5 8. Ndf3 Nc6 9. c3 Nxe5 10. Nxe5 c6 11. Bf4 Qc8 12. Qb3 Nh5 13. Bd2 Rb8 14. Qa3 Qe6 15. f4 f6 16. Nf3 a6 17. Qb3 Rf7 18. Rae1 Bh6 19. e4 dxe4 20. Qxe6 Bxe6 21. Rxe4 Bxa2 22. Rfe1 Bf8 23. Ra1 Bd5 24. Re3 Ng7 25. Ra5 Nf5 26. Re1 Nd6 27. Nh4 Bxg2 0-1

[Event "Seville op"]
[Site "Seville"]
[Date "1993.??.??"]
[Round "2"]
[White "Chernin, Alexander"]
[Black "Castillo Castelan, Miguel Angel"]
[Result "1-0"]
[WhiteElo "2600"]
[BlackElo "2245"]
[PlyCount "55"]
[EventDate "1993.01.??"]
[EventType "swiss"]
[EventRounds "10"]
[EventCountry "ESP"]
[SourceTitle "TD"]
[Source "ChessBase"]
[SourceDate "1994.03.01"]
[SourceVersion "1"]
[SourceVersionDate "1994.03.01"]
[SourceQuality "1"]

1. d4 Nf6 2. c4 e6 3. Nf3 b6 4. g3 Bb7 5. Bg2 c5 6. d5 d6 7. Nc3 e5 8. 0-0 Be7 9. Ne1 0-0 10. Nd3 Nbd7 11. f4 exf4 12. gxf4 a6 13. a4 Re8 14. e4 Bf8 15. Re1 Qc7 16. Be3 g6 17. Bf2 Bg7 18. Rc1 Kh8 19. Rc2 Ng8 20. Rce2 Bd4 21. e5 Bxc3 22. bxc3 Qb8 23. Bh4 Nh6 24. Bh3 Nf8 25. f5 Nxf5 26. Bxf5 gxf5 27. Bf6+ Kg8 28. Qd2 1-0